A theoretical approach to rural land-use patterns

Gardado en:
Detalles Bibliográficos
Autor Principal: Found, William C.
Formato: Libro
Idioma:Undetermined
Publicado: London Edward Arnold 1971
Những chủ đề:
Các nhãn: Engadir etiqueta
Sen Etiquetas, Sexa o primeiro en etiquetar este rexistro!
Thư viện lưu trữ: Trung tâm Học liệu Trường Đại học Cần Thơ
LEADER 00597nam a2200205Ia 4500
001 CTU_143961
008 210402s9999 xx 000 0 und d
020 |c 22.62 
082 |a 333.7 
082 |b F771 
100 |a Found, William C. 
245 2 |a A theoretical approach to rural land-use patterns 
245 0 |c William C. Found 
260 |a London 
260 |b Edward Arnold 
260 |c 1971 
650 |a Land use,Đât sử dụng,Agriculture,Nông nghiệp 
650 |x Khía cạnh kinh tế 
904 |i Giang 
980 |a Trung tâm Học liệu Trường Đại học Cần Thơ